[Event "Hajduszoboszlo op 2nd"]
[Site "Hajduszoboszlo"]
[Date "2024.02.08"]
[Round "1"]
[White "Beres, Ferenc"]
[Black "Gathi, Donat"]
[Result "0-1"]
[WhiteElo "1598"]
[BlackElo "2220"]
[PlyCount "100"]
[EventDate "2024.02.08"]
[EventType "swiss"]
[EventRounds "7"]
[EventCountry "HUN"]
[SourceTitle "CB08_2024"]
[SourceDate "2024.02.21"]
[SourceVersion "1"]
[SourceVersionDate "2024.02.21"]
[SourceQuality "1"]

1. e4 e5 2. Nf3 Nc6 3. Bc4 Bc5 4. 0-0 Nf6 5. d4 Bxd4 6. Nxd4 Nxd4 7. f4 d6 8. fxe5 dxe5 9. Bg5 Qe7 10. Na3 Be6 11. c3 Bxc4 12. Nxc4 Ne6 13. Bxf6 gxf6 14. Ne3 Qc5 15. Qe2 Nf4 16. Qf3 0-0-0 17. Kh1 Rhg8 18. Rad1 c6 19. Rxd8+ Rxd8 20. Rd1 Rxd1+ 21. Nxd1 Qd6 22. g3 Qd3 23. Qxd3 Nxd3 24. Kg2 Kd7 25. Kf3 Ke6 26. Ke3 Nc5 27. b4 Na4 28. g4 c5 29. Kd3 h5 30. h3 hxg4 31. hxg4 b5 32. Ne3 Nb2+ 33. Kc2 Nc4 34. Nxc4 bxc4 35. a4 Kd6 36. Kb2 Kc6 37. Ka3 Kb6 38. bxc5+ Kxc5 39. Kb2 a5 40. Kc2 Kd6 41. Kd2 Ke7 42. Ke3 Kf8 43. Kf3 Kg7 44. Kg3 Kg6 45. Kh3 Kg5 46. Kg3 f5 47. gxf5 f6 48. Kf3 Kh4 49. Kf2 Kg4 50. Ke3 Kg3 0-1

[Event "HUN-ch U16/18"]
[Site "Buek"]
[Date "2023.06.25"]
[Round "8"]
[White "Gathi, Donat"]
[Black "Turcsanyi, Vince Gergo"]
[Result "0-1"]
[WhiteElo "2005"]
[BlackElo "2234"]
[PlyCount "100"]
[EventDate "2023.06.17"]
[EventType "swiss"]
[EventRounds "9"]
[EventCountry "HUN"]
[SourceTitle "CBM 215 Extra"]
[Source "ChessBase"]
[SourceDate "2023.09.30"]
[SourceVersion "1"]
[SourceVersionDate "2023.09.30"]
[SourceQuality "1"]

1. e4 e5 2. Nf3 Nc6 3. Bb5 a6 4. Ba4 d6 5. 0-0 Bd7 6. d4 b5 7. Bb3 Nxd4 8. Nxd4 exd4 9. c3 dxc3 10. Qd5 Be6 11. Qc6+ Bd7 12. Qd5 Be6 13. Qc6+ Ke7 14. Nxc3 Rb8 15. Nd5+ Bxd5 16. Qxd5 Qe8 17. Bg5+ f6 18. e5 Kd8 19. exf6 gxf6 20. Rfe1 Qd7 21. Qf3 Qg7 22. Bxg8 fxg5 23. Qc6 Qd7 24. Qd5 c6 25. Qxg5+ Kc7 26. Be6 Qg7 27. Qd2 Qf6 28. Rad1 Re8 29. Qe3 Kb7 30. a4 Bh6 31. Qh3 Rhf8 32. Re2 d5 33. axb5 axb5 34. Ra1 Ra8 35. Rae1 Rfe8 36. g3 d4 37. Bd5 Rxe2 38. Rxe2 Qd6 39. Bf3 Qf6 40. Qd7+ Kb6 41. Bxc6 Ra1+ 42. Kg2 Qxc6+ 43. Qxc6+ Kxc6 44. Re6+ Kc5 45. Rxh6 d3 46. Rh5+ Kc4 47. b3+ Kxb3 48. Rxb5+ Kc4 49. Rb8 d2 50. Rc8+ Kb5 0-1

[Event "HUN-ch U16/18"]
[Site "Buek"]
[Date "2023.06.19"]
[Round "1"]
[White "Palczert, Matyas"]
[Black "Gathi, Donat"]
[Result "1-0"]
[WhiteElo "2328"]
[BlackElo "2005"]
[PlyCount "47"]
[EventDate "2023.06.17"]
[EventType "swiss"]
[EventRounds "9"]
[EventCountry "HUN"]
[SourceTitle "CBM 215 Extra"]
[Source "ChessBase"]
[SourceDate "2023.09.30"]
[SourceVersion "1"]
[SourceVersionDate "2023.09.30"]
[SourceQuality "1"]

1. e4 e5 2. Nf3 Nc6 3. Nc3 Nf6 4. h3 Bb4 5. Nd5 Nxe4 6. Qe2 Nf6 7. Nxb4 Nxb4 8. Qxe5+ Qe7 9. Qxe7+ Kxe7 10. Nd4 Re8 11. d3 c5 12. Bd2 Nfd5 13. a3 Kf6+ 14. Kd1 Nc6 15. Nb5 Nd4 16. Nxd4 cxd4 17. Be2 d6 18. Bf3 Be6 19. h4 Ke7 20. h5 Nf6 21. Rh4 d5 22. h6 gxh6 23. Rxh6 Rg8 24. Bb4+ 1-0

[Event "Puspokladany Arnoth Memorial 15th"]
[Site "Puspokladany"]
[Date "2022.07.31"]
[Round "8"]
[White "Gathi, Donat"]
[Black "Csuri, Laszlo"]
[Result "1/2-1/2"]
[WhiteElo "1942"]
[BlackElo "1935"]
[PlyCount "64"]
[EventDate "2022.07.27"]
[EventType "swiss"]
[EventRounds "9"]
[EventCountry "HUN"]
[SourceTitle "EXT 2023"]
[Source "ChessBase"]
[SourceDate "2022.10.05"]
[SourceVersion "1"]
[SourceVersionDate "2022.10.05"]
[SourceQuality "1"]

1. e4 d5 2. exd5 Qxd5 3. Nc3 Qa5 4. d4 c6 5. Bc4 Nf6 6. Bd2 Qc7 7. Nf3 Bg4 8. h3 Bxf3 9. Qxf3 e6 10. 0-0-0 Nbd7 11. Rhe1 0-0-0 12. Be3 Nb6 13. Bb3 Nbd5 14. Nxd5 Nxd5 15. c4 Nxe3 16. fxe3 c5 17. Rf1 cxd4 18. Qxf7 Qxf7 19. Rxf7 dxe3 20. Rxd8+ Kxd8 21. Rxb7 Kc8 22. Rxa7 Kb8 23. Ra6 Bc5 24. Rxe6 Rf8 25. Re5 Rf1+ 26. Bd1 Bd4 27. Re4 Kc7 28. Kc2 Rf2+ 29. Kc1 Bf6 30. h4 Rxg2 31. Rxe3 Bxb2+ 32. Kb1 Bf6 1/2-1/2

[Event "Puspokladany Arnoth Memorial 15th"]
[Site "Puspokladany"]
[Date "2022.07.29"]
[Round "5"]
[White "Gathi, Donat"]
[Black "Nadhazi, Imre"]
[Result "1/2-1/2"]
[WhiteElo "1942"]
[BlackElo "1981"]
[PlyCount "70"]
[EventDate "2022.07.27"]
[EventType "swiss"]
[EventRounds "9"]
[EventCountry "HUN"]
[SourceTitle "EXT 2023"]
[Source "ChessBase"]
[SourceDate "2022.10.05"]
[SourceVersion "1"]
[SourceVersionDate "2022.10.05"]
[SourceQuality "1"]

1. e4 e5 2. Nf3 Nc6 3. Bb5 a6 4. Ba4 Nf6 5. 0-0 Be7 6. Re1 b5 7. Bb3 d6 8. c3 0-0 9. d4 Bg4 10. Be3 Re8 11. h3 Bh5 12. d5 Na5 13. Bc2 c6 14. dxc6 Nxc6 15. Nbd2 d5 16. exd5 Qxd5 17. g4 Bg6 18. Bxg6 hxg6 19. Nb3 Qc4 20. Nfd2 Qe6 21. Qe2 Bd6 22. Bc5 Bc7 23. Rad1 Rad8 24. Ne4 Nxe4 25. Qxe4 f5 26. Qg2 a5 27. gxf5 gxf5 28. Rxd8 Rxd8 29. Nd4 Nxd4 30. cxd4 Qd5 31. Qg6 e4 32. Be7 Rd7 33. Qe8+ Kh7 34. Qh5+ Kg8 35. Qe8+ Kh7 1/2-1/2

[Event "HUN-chT U18"]
[Site "Budapest"]
[Date "2021.10.27"]
[Round "6.21"]
[White "Gathi, Donat"]
[Black "Karacsonyi, Kata"]
[Result "0-1"]
[WhiteElo "1778"]
[BlackElo "2050"]
[PlyCount "70"]
[EventDate "2021.10.24"]
[EventType "team-tourn"]
[EventRounds "7"]
[EventCountry "HUN"]
[SourceTitle "CBM 205 Extra"]
[Source "ChessBase"]
[SourceDate "2022.01.31"]
[SourceVersion "1"]
[SourceVersionDate "2022.01.31"]
[SourceQuality "1"]

1. e4 c5 2. Nf3 d6 3. Bb5+ Nd7 4. c4 Ngf6 5. Nc3 g6 6. d4 cxd4 7. Nxd4 Bg7 8. Be3 0-0 9. Bxd7 Bxd7 10. f3 a6 11. 0-0 Rc8 12. b3 b5 13. Qd3 bxc4 14. bxc4 Qc7 15. Nd5 Nxd5 16. cxd5 Qc3 17. Rfd1 Ba4 18. Rac1 Qb2 19. Rxc8 Rxc8 20. Rd2 Qa1+ 21. Kf2 Qh1 22. Qxa6 Bd7 23. Nc6 Bf6 24. Bf4 g5 25. Be3 Qxh2 26. Qb7 Bh3 27. Kf1 Qh1+ 28. Bg1 Re8 29. gxh3 Qxf3+ 30. Bf2 Qh1+ 31. Ke2 Qxe4+ 32. Kd1 Bc3 33. Nxe7+ Kf8 34. Qd7 Qb1+ 35. Ke2 Rxe7+ 0-1

[Event "HUN-chT U18"]
[Site "Budapest"]
[Date "2021.10.25"]
[Round "2.27"]
[White "Gathi, Donat"]
[Black "Vilics, Hanna"]
[Result "0-1"]
[WhiteElo "1778"]
[BlackElo "1628"]
[PlyCount "98"]
[EventDate "2021.10.24"]
[EventType "team-tourn"]
[EventRounds "7"]
[EventCountry "HUN"]
[SourceTitle "CBM 205 Extra"]
[Source "ChessBase"]
[SourceDate "2022.01.31"]
[SourceVersion "1"]
[SourceVersionDate "2022.01.31"]
[SourceQuality "1"]

1. e4 d5 2. exd5 Qxd5 3. Nc3 Qa5 4. d4 Nf6 5. Bd2 Qb6 6. Nf3 c6 7. Na4 Qc7 8. Nc3 Bf5 9. Bc4 e6 10. 0-0 Bd6 11. a4 a5 12. h3 Nbd7 13. Nh4 Bg6 14. Nxg6 hxg6 15. Re1 0-0-0 16. Qf3 Nb6 17. Bd3 Nbd5 18. Nxd5 Nxd5 19. c4 Nf4 20. Bf1 g5 21. c5 Be7 22. Bc3 Bf6 23. Rad1 Nd5 24. Bc4 Rh4 25. Re4 Nf4 26. Qe3 Rdh8 27. Bf1 Be7 28. Qd2 Bd8 29. Re3 g4 30. b4 axb4 31. Bxb4 Bg5 32. Ba5 Qb8 33. Qb2 Nxh3+ 34. Rxh3 gxh3 35. g3 Rg4 36. Rd3 Bf4 37. Be2 Rg5 38. Qb3 Bc7 39. Bd2 Bf4 40. Ba5 Rh6 41. Kh2 f5 42. Rf3 Bc7 43. Bd2 f4 44. gxf4 Rf5 45. Qe3 Rhf6 46. Kg3 g5 47. Kh2 Rxf4 48. Rg3 Rxf2+ 49. Kg1 Bxg3 0-1

[Event "HUN-chT 1920"]
[Site "Hungary"]
[Date "2020.08.30"]
[Round "8.10"]
[White "Bodo, Norbert"]
[Black "Gathi, Donat"]
[Result "1-0"]
[WhiteElo "2399"]
[BlackElo "1608"]
[PlyCount "83"]
[EventDate "2019.11.16"]
[EventType "team-tourn"]
[EventRounds "9"]
[EventCountry "HUN"]
[SourceTitle "EXT 2021"]
[Source "ChessBase"]
[SourceDate "2020.10.23"]
[SourceVersion "1"]
[SourceVersionDate "2020.10.23"]
[SourceQuality "1"]
[WhiteTeam "Aquaprofit"]
[BlackTeam "DVTK"]
[WhiteTeamCountry "HUN"]
[BlackTeamCountry "HUN"]

1. Nf3 d5 2. g3 c5 3. Bg2 Nc6 4. d4 Nf6 5. 0-0 e6 6. c4 Be7 7. Nc3 0-0 8. cxd5 exd5 9. Bg5 Be6 10. Bxf6 Bxf6 11. dxc5 Bxc3 12. bxc3 Qa5 13. Ng5 Qxc5 14. Qb1 g6 15. Qxb7 Rab8 16. Qa6 Rfc8 17. Qa4 Qxc3 18. Qh4 Qg7 19. Rac1 Nd4 20. Rxc8+ Rxc8 21. e3 Nf5 22. Qa4 h6 23. Nf3 Rc7 24. h3 Kh7 25. g4 Nd6 26. Qf4 Rc6 27. Nd4 Ra6 28. Rb1 g5 29. Qg3 Nc4 30. Rb7 Qf6 31. Nxe6 Qxe6 32. Qc7 Rxa2 33. Qxf7+ Qxf7 34. Rxf7+ Kg6 35. Bxd5 Ra1+ 36. Kg2 Nb6 37. Be6 Ra6 38. f4 gxf4 39. exf4 h5 40. Kg3 Na4 41. f5+ Kh6 42. Kh4 1-0